Loading...
| Fine Arts - Classical Music | 0 | 7 | 0 | 2 | 70 | 100 | 111.29 | 0 | 1 | 7.33 | 27.27 |
| Fine Arts - Painting and Sculpture | 0 | 4 | 0 | 2 | 40 | 69 | 105.50 | 0 | 1 | 6.84 | 12.50 |
| Literature - European | 0 | 4 | 1 | 1 | 35 | 124 | 140.25 | 0 | 0 | 2.07 | 10.23 |
| Science - Physics | 0 | 4 | 1 | 1 | 35 | 90 | 110.00 | 0 | 0 | 3.95 | 9.09 |
| Literature - World | 0 | 3 | 0 | 0 | 30 | 111 | 122.33 | 0 | 1 | 3.68 | 15.91 |
| Mythology | 0 | 3 | 1 | 1 | 25 | 104 | 124.33 | 0 | 0 | 2.19 | 5.68 |
| Fine Arts - Other | 0 | 3 | 1 | 1 | 25 | 116 | 123.33 | 0 | 0 | 0.00 | 4.55 |
| Philosophy | 0 | 2 | 0 | 2 | 20 | 111 | 119.00 | 0 | 0 | 0.00 | 2.27 |
| Literature - British | 0 | 2 | 0 | 1 | 20 | 136 | 141.00 | 0 | 0 | 0.00 | 2.27 |
| Social Science | 0 | 2 | 1 | 0 | 15 | 71 | 94.00 | 1 | 1 | 2.64 | 9.09 |
| Geography | 0 | 1 | 0 | 0 | 10 | 78 | 78.00 | 0 | 1 | 12.37 | 29.17 |
| Literature - American | 0 | 2 | 2 | 1 | 10 | 105 | 114.00 | 0 | 0 | 2.32 | 4.55 |
| Science - Chemistry | 0 | 1 | 0 | 0 | 10 | 107 | 107.00 | 0 | 0 | 0.17 | 3.41 |
| History - American | 0 | 1 | 0 | 0 | 10 | 63 | 63.00 | 0 | 0 | 3.93 | 3.41 |
| History - World | 0 | 1 | 1 | 0 | 5 | 82 | 82.00 | 0 | 0 | 2.72 | 3.41 |
| Science - Other | 0 | 0 | 0 | 0 | 0 | 0.00 | 0 | 0 | 0.00 | 0.00 | |
| Religion | 0 | 0 | 1 | 0 | -5 | 0.00 | 0 | 0 | 0.00 | 0.00 |